[Event "FEDA International Scheveningen 2020"]
[Site "La Palma"]
[Date "2020.12.07"]
[Round "8.2"]
[White "Santos Latasa, Jaime"]
[Black "Korobov, Anton"]
[Result "1/2-1/2"]
[WhiteElo "2600"]
[BlackElo "2683"]
[Annotator "TA"]
[PlyCount "97"]
[EventDate "2020.11.29"]
[EventCountry "ESP"]
[SourceTitle "playchess.com"]
[Source "ChessBase"]
[SourceQuality "1"]

{[%evp 12,97,29,3,8,12,16,2,22,6,14,4,14,0,0,0,22,6,32,25,22,20,16,28,19,13,14,0,28,0,0,0,0,-6,-8,-13,57,68,75,79,107,107,115,117,118,116,121,113,121,110,129,41,73,0,129,128,144,137,137,142,124,0,52,45,50,46,122,122,93,74,72,71,81,77,78,78,79,81,77,8,8,8,77,77,76,77,75,0]} 1. e4 c5 2. Nf3 d6 3. d4 cxd4 4. Nxd4 Nf6 5. Nc3 a6 6. Bg5 Nbd7 7. Bc4 Qb6 {B94: Sicilian Najdorf: 6 Bg5 Nbd7.} 8. Bb3 e6 9. Qd2 Be7 $1 {The position is equal.} 10. O-O-O Nc5 11. f3 {11.Rhe1 might become the main line.} Qc7 12. g4 b5 {Black wants to play ...b4.} 13. a3 Rb8 14. Ba2 O-O 15. h4 Bd7 16. b4 Na4 17. Nxa4 bxa4 {[#]} 18. Kb2 $146 ({Predecessor:} 18. c3 Rfc8 19. Kb2 a5 20. Rc1 h6 21. Be3 d5 22. g5 Nh5 23. exd5 exd5 24. Bxd5 {1-0 (33) Vokhidov,S (2529)-Kavyev,R (2339) Chess.com INT 2020}) 18... a5 19. c3 $1 Bb5 20. Bxf6 Bxf6 21. g5 Bxd4 22. Qxd4 Rfc8 23. Rc1 $1 e5 (23... Be2 $11) 24. Qd5 $14 Be2 25. Rhe1 Bxf3 {[#]} 26. g6 $1 {[%mdl 512] Hoping for Rf1.} Bh5 (26... hxg6 27. Rf1) 27. Qxf7+ $1 Qxf7 28. Bxf7+ Kh8 29. Rg1 $1 Rf8 30. Rc2 Bf3 31. Re1 (31. Bd5 $1 $16) 31... Bh5 32. Rg1 (32. Ka2 $142) 32... Bf3 $1 $16 {[#]} 33. Bd5 $1 Rf4 34. Rf2 Bh5 35. Rxf4 exf4 36. gxh7 (36. Kc2 $16) 36... Kxh7 {[%mdl 4096] Endgame KRB-KRB} (36... axb4 $11 37. cxb4 (37. axb4 Be2 $15) 37... Be2) 37. Kc2 $14 axb4 38. cxb4 Be2 (38... Rf8 $14) 39. Kd2 $16 Bb5 40. Be6 g6 41. Bf7 f3 42. Ke3 Rc8 43. Bxg6+ Kh6 44. Kxf3 {Strongly threatening Bf5.} Rc3+ 45. Kf2 (45. Kf4 $16 {Threatens to win with Bf5.} Be2 46. Kf5) 45... Rxa3 $11 46. Bf7 {aiming for Rg6+.} Bc6 (46... Rd3 $1 $11 {remains equal.}) 47. Rg6+ $16 {White is better.} Kh7 48. Rxd6 Bxe4 {[#] ...Rf3+ is the strong threat.} 49. Bd5 {Weighted Error Value: White=0.12/Black=0.14} ({Better is} 49. Rd7 $1 $16 Kh6 50. b5) 1/2-1/2

[Event "FEDA International Scheveningen 2020"]
[Site "La Palma"]
[Date "2020.12.07"]
[Round "8.3"]
[White "Anton Guijarro, David"]
[Black "Eljanov, Pavel"]
[Result "1/2-1/2"]
[WhiteElo "2675"]
[BlackElo "2672"]
[Annotator "TA"]
[PlyCount "45"]
[EventDate "2020.11.29"]
[EventCountry "ESP"]
[SourceTitle "playchess.com"]
[Source "ChessBase"]
[SourceQuality "1"]

{[%evp 13,45,0,-4,-7,7,13,10,0,8,-8,-3,-10,0,0,0,0,16,0,0,0,0,0,0,0,0,0,0,-8,0,0,0,-12,0,-10]} 1. d4 Nf6 2. c4 e6 3. Nc3 Bb4 4. e3 O-O 5. Bd2 d5 6. Nf3 b6 7. cxd5 exd5 {The position is equal.} 8. Bd3 {E51: Nimzo-Indian: Rubinstein: 4...0-0 5 Nf3 d5.} Ba6 9. Bxa6 Nxa6 10. O-O Qc8 {[#]} 11. Ne2 $146 ({Predecessor:} 11. Rc1 Qb7 12. Ne5 Rfe8 13. Be1 Bd6 14. f4 c5 15. Bh4 Be7 16. Bxf6 Bxf6 17. Qf3 {½-½ (115) Bluebaum,M (2647)-Najer,E (2648) chess.com INT 2020}) 11... Bd6 12. Ng3 Re8 13. Rc1 Ne4 14. Qc2 g6 15. Rfd1 Qb7 16. Be1 Rac8 17. Qc6 Qxc6 18. Rxc6 Nb8 19. Rc2 Nd7 20. Rc6 Nb8 21. Rc2 Nd7 22. Rc6 Nb8 23. Rc2 {Not much happened in this game.  Weighted Error Value: White=0.03/Black=0.04} 1/2-1/2

[Event "FEDA International Scheveningen 2020"]
[Site "La Palma"]
[Date "2020.12.07"]
[Round "8.4"]
[White "Vazquez Igarza, Renier"]
[Black "Van Foreest, Jorden"]
[Result "0-1"]
[WhiteElo "2556"]
[BlackElo "2671"]
[Annotator "TA"]
[PlyCount "40"]
[EventDate "2020.11.29"]
[EventCountry "ESP"]
[SourceTitle "playchess.com"]
[Source "ChessBase"]
[SourceQuality "1"]

{[%evp 9,40,-62,-46,-60,-52,-76,-76,-108,-91,-102,-97,-91,-92,-105,-97,-117,-99,-128,-137,-154,-103,-119,-115,-139,-100,-231,-210,-254,-246,-252,-231,-507,-483]} 1. d4 d5 2. c4 e6 3. Nf3 a6 4. Qb3 {[#]} Nc6 $146 {[%cal Bb8c6,Bc6a5,Ba5c4][%mdl 32]} ({Predecessor:} 4... dxc4 5. Qxc4 b5 6. Qc2 Bb7 7. Bg5 Nf6 8. e3 Nbd7 9. a4 b4 10. Nbd2 c5 11. Nb3 cxd4 12. exd4 {0-1 (80) Bozic,M (2398)-Raja,R (2296) Novi Sad 2018}) 5. Nc3 Na5 $1 {[%cal Ra5b3]} 6. Qa4+ {D30: Queen's Gambit Declined: Systems without Nc3.} Bd7 $1 {[%cal Rd7a4]} 7. Qc2 ({But not} 7. Qxa5 $2 b6 $19) 7... Nxc4 8. e4 {[#]Black is better.} dxe4 $1 9. Nxe4 Bb4+ 10. Nc3 Nb6 11. Bg5 Be7 $36 {[%mdl 2048] Black is on the roll.} 12. h4 h6 13. Bd2 Nf6 14. O-O-O Nfd5 (14... O-O $142 15. Rh3 Nbd5) 15. Ne5 Nxc3 16. Qxc3 Bf6 17. Qf3 {White does not recover from this.} (17. g4 $17) 17... Ba4 $19 {[%mdl 64] [#] Discovered Attack} 18. b3 Qxd4 {And now ...Qa1+ would win.} 19. Bc3 Qc5 20. Nc4 $2 (20. Qe3 Qxe3+ 21. fxe3) 20... Bc6 {Weighted Error Value: White=0.52/Black=0.06} 0-1

[Event "FEDA International Scheveningen 2020"]
[Site "La Palma"]
[Date "2020.12.07"]
[Round "8.5"]
[White "Santos Ruiz, Miguel"]
[Black "Edouard, Romain"]
[Result "1/2-1/2"]
[WhiteElo "2581"]
[BlackElo "2640"]
[Annotator "TA"]
[PlyCount "60"]
[EventDate "2020.11.29"]
[EventCountry "ESP"]
[SourceTitle "playchess.com"]
[Source "ChessBase"]
[SourceQuality "1"]

{[%evp 15,60,20,33,15,29,21,29,23,29,16,14,16,18,13,13,12,18,13,14,10,17,15,12,18,16,7,6,6,12,2,7,0,0,6,6,6,14,0,0,0,0,0,0,0,0,0,0]} 1. d4 d5 2. c4 dxc4 3. Nf3 Nf6 4. e3 e6 5. Bxc4 c5 6. O-O a6 7. b3 b5 8. Be2 Bb7 9. dxc5 {D27: Queen's Gambit Accepted: Classical main line: 7 e4!? and 7 a4.} Qxd1 10. Rxd1 {With the idea b4.} Bxc5 11. a4 {White has an edge.} bxa4 12. Rxa4 Nbd7 {The position is equal.} 13. Nbd2 O-O 14. Bb2 Nb6 15. Raa1 a5 16. Ne5 Rfd8 {[#]} 17. Rac1 $146 ({Predecessor:} 17. Nd3 Be7 18. Ne5 Bb4 19. Ndc4 Nxc4 20. Nxc4 Nd5 21. Bf3 f6 22. h4 Bc6 23. e4 {½-½ (34) Bednarik,R (2190)-Houdek,V (2105) ICCF email 2004}) 17... Rac8 18. Nd3 Bf8 19. Bd4 Nfd7 20. Ra1 Ra8 21. Kf1 a4 22. bxa4 Nxa4 23. Rdb1 (23. g3 {keeps more tension.} Nac5 24. Rxa8 Rxa8 25. Rb1 Bd5 26. Nxc5 Bxc5 27. Bxc5 Nxc5 28. Rc1) 23... Nac5 24. Rxa8 Bxa8 25. Nxc5 Nxc5 26. Bxc5 Bxc5 27. Bf3 Rxd2 28. Rb8+ {[%mdl 64] [#] Double Attack} Bf8 {Threatens to win with ...Bxf3.} 29. Rxa8 g6 30. g3 Kg7 {Not much happened in this game.  Weighted Error Value: White=0.03/Black=0.01} 1/2-1/2

[Event "FEDA International Scheveningen 2020"]
[Site "La Palma"]
[Date "2020.12.08"]
[Round "9.1"]
[White "Cheparinov, Ivan"]
[Black "Santos Latasa, Jaime"]
[Result "1/2-1/2"]
[WhiteElo "2688"]
[BlackElo "2600"]
[Annotator "TA"]
[PlyCount "120"]
[EventDate "2020.11.29"]
[EventCountry "ESP"]
[SourceTitle "playchess.com"]
[Source "ChessBase"]
[SourceQuality "1"]

{[%evp 22,120,30,31,35,35,32,30,33,33,31,30,35,4,28,15,27,15,31,31,23,23,23,19,22,13,12,8,19,20,25,19,12,8,20,4,4,7,8,6,7,4,8,-7,-5,0,0,0,0,0,0,0,5,5,5,5,8,0,8,8,8,14,10,8,8,8,8,8,8,0,0,0,8,0,0,0,0,0,90,0,102,77,76,72,79,72,72,71,79,79,95,0,0,0,0,0,0,0,0,0,0]} 1. Nf3 Nf6 2. c4 e6 3. g3 d5 4. Bg2 Be7 5. O-O O-O 6. b3 b6 7. Bb2 Bb7 8. cxd5 Nxd5 9. d4 Nd7 10. Re1 N5f6 11. Nc3 c5 12. e4 cxd4 {A14: English Opening: 1...e6 with b3 by White.} 13. Nxd4 {aiming for e5.} Bc5 14. Re2 Ne5 {White has an edge.} 15. Na4 Bxd4 16. Bxd4 Nc6 {[#]} 17. Bc3 $146 ({Predecessor:} 17. Bb2 Qe7 18. Qe1 Rfd8 19. Rd1 Rxd1 20. Qxd1 Rd8 21. Rd2 Rxd2 22. Qxd2 e5 23. f3 Ba6 {½-½ (23) Rozum,I (2573)-Lysyj,I (2635) Skopje 2019}) 17... e5 18. Rd2 Qe7 {[#] Hoping for ...b5.} 19. Qe2 Rfd8 20. Rad1 Rxd2 21. Rxd2 Rd8 22. Rxd8+ Qxd8 23. Qd2 Qxd2 24. Bxd2 Kf8 25. f3 Ba6 26. Bc1 Ke8 27. Ba3 Nd7 28. Bh3 Nd4 29. Kf2 Bb5 30. Bd6 Bxa4 31. bxa4 $11 {[%mdl 4096] Endgame KBB-KNN} f6 32. a5 bxa5 33. Bf1 Nb6 34. f4 exf4 35. gxf4 Kd7 36. Bc5 Ne6 37. Bb5+ Kc7 38. Be3 Kd6 39. Kf3 Nc7 40. Bd3 Ne6 41. h4 g6 42. Bd2 Nd4+ 43. Ke3 Nc6 $1 44. a3 Ke6 45. Bb5 Kd6 46. Bd3 Ke6 47. Bc3 f5 48. h5 fxe4 49. Kxe4 Ne7 (49... Na4 $11 {keeps the balance.} 50. Bc4+ Kd6) 50. Bb1 (50. hxg6 $16 hxg6 51. Bxa5) 50... Nbc8 (50... gxh5 $11 {remains equal.} 51. f5+ Kd7) 51. Ba2+ ({Much worse is} 51. Bxa5 $6 gxh5 52. Ba2+ Kd7 $11) 51... Kd7 52. hxg6 Nd6+ 53. Kf3 hxg6 54. Bxa5 Nb5 55. Bb4 Nc6 56. Bc4 ({Better is} 56. Bc5 $16) 56... Nbd4+ $1 {The position is equal.} 57. Ke4 Nxb4 58. axb4 {[%cal Ba3b4,Bb4b5][%mdl 32]} Nc2 59. b5 $1 Kd6 60. Bf7 Na3 {Weighted Error Value: White=0.07/Black=0.10} 1/2-1/2

[Event "FEDA International Scheveningen 2020"]
[Site "La Palma"]
[Date "2020.12.08"]
[Round "9.2"]
[White "Korobov, Anton"]
[Black "Anton Guijarro, David"]
[Result "1-0"]
[WhiteElo "2683"]
[BlackElo "2675"]
[Annotator "TA"]
[PlyCount "139"]
[EventDate "2020.11.29"]
[EventCountry "ESP"]

{[%evp 9,139,11,13,11,11,0,0,0,0,0,0,-5,0,4,7,-62,-55,-62,-62,-60,-72,-67,-52,-52,-54,-54,-54,-45,-38,-41,-56,-42,-25,-214,-36,-43,-51,-58,0,-61,-75,-68,0,0,0,-59,0,0,0,0,0,3,14,12,7,11,7,1,1,1,7,0,0,0,0,0,0,0,0,0,2,0,0,0,0,0,0,0,33,0,16,31,29,29,79,82,67,72,71,30,30,35,123,159,125,135,217,212,238,197,206,8,8,8,8,8,8,8,8,8,8,8,8,8,8,8,671,61,1166,61,61,70,1768,1287,29972,29974,29975,29974,29983,29967,29980,29980]} 1. d4 Nf6 2. c4 e6 3. Nf3 d5 4. e3 b6 5. b3 Bd6 6. Bb2 {E14: Queen's Indian: Classical Variation (4 e3).} O-O 7. Nbd2 Bb7 8. Bd3 {The position is equal.} Ne4 9. O-O Qe7 10. Rc1 $1 a5 11. Qc2 {[%cal Rd2e4]} f5 {[#]} 12. Rfd1 $146 ({Better is} 12. c5 $11 bxc5 13. Bxe4 fxe4 14. dxc5 exf3 15. cxd6 cxd6 16. Qc7 (16. Nxf3 Na6 $11) (16. gxf3 Ba6 $17)) ({Predecessor:} 12. c5 bxc5 13. Bxe4 fxe4 14. dxc5 exf3 15. cxd6 cxd6 16. Qc7 Rf7 17. Qxe7 Rxe7 18. Nxf3 {½-½ (26) Kozlov,V (2412)-Gooshchin,D (2553) ICCF email 2017}) 12... Na6 $15 13. a3 Bxa3 14. cxd5 {Black must now prevent Bxa3.} Bxb2 15. Qxb2 Bxd5 16. Bxa6 Rxa6 17. Nxe4 fxe4 18. Ne5 c5 19. dxc5 bxc5 20. Nc4 Qf6 {Hoping for ...Qxb2.} 21. Qd2 $2 (21. Qe2 $11) 21... Rfa8 $2 ({Black should play} 21... a4 $19 22. bxa4 Rxa4) 22. h3 h6 23. Rc3 Kh7 ({Black should try} 23... Rb8 $15) 24. Nb2 (24. Rdc1 $1 $11) 24... Rb6 25. Qc2 Rab8 (25... Rb4 $1 $15 26. f4 Qg6) 26. Nc4 $11 Rb5 27. Nd2 {[#]} (27. Rc1 $11) 27... Qf5 (27... a4 $1 $15 {[%mdl 512]} 28. bxa4 Rb2) 28. Ra1 Rf8 29. Nc4 Bxc4 30. Rxc4 Rfb8 31. Qxe4 Qxe4 32. Rxe4 {[%mdl 4096] Endgame KRR-KRR} R8b6 33. g4 Kg6 34. Kg2 Kf6 35. Rc4 Rd6 36. Rc3 Rd2 37. h4 Ke5 38. Kg3 Kd6 39. h5 Kd5 40. f3 Rb2 41. Rd1+ Kc6 42. Rdd3 e5 43. g5 hxg5 44. Kg4 Rb8 45. e4 Rg2+ 46. Kf5 Rf8+ 47. Kxe5 g4 48. f4 Rh2 49. f5 {Strongly threatening Rd5.} Re8+ 50. Kf4 g3 (50... Rxh5 $14 51. Rd5 (51. Kxg4 Rh1 $11) 51... g5+ 52. fxg6 (52. Kxg4 Rxe4+ 53. Kxh5 Kxd5 $16) 52... Rxe4+ {[%mdl 64] Remove Defender} 53. Kxe4 Rxd5) 51. Rxg3 $16 Rh4+ {[#]} 52. Kg5 $1 {[%cal Rg5h4]} (52. Kf3 $6 Rexe4 53. Rxg7 Rhf4+ 54. Kg2 Re2+ 55. Kh3 Rxf5 $11) 52... Rhxe4 {[#]} (52... Rexe4 $16 53. Kg6 a4) 53. Kg6 $1 $18 Rf8 54. Rg5 (54. Kxg7 $6 Rxf5 55. h6 Rh5 $16) 54... Ree8 55. Rxc5+ $2 ({Not} 55. Kxg7 Rg8+ 56. Kh6 Rh8+ 57. Kg7 Rhg8+ 58. Kh6 Rh8+ 59. Kg6 Rhg8+ 60. Kh6 $11) (55. f6 $1 $18 {[%cal Rf6g7]} gxf6 56. Rgxc5+ Kd6 57. Rc6+ (57. Rxa5 Rg8+ 58. Kh6 Rh8+ 59. Kg6 Rhg8+ 60. Kh6 Rh8+ 61. Kg7 Rhg8+ 62. Kh7 Rh8+ 63. Kg7 Rhg8+ 64. Kh6 $11) 57... Kd5 58. Ra6 (58. Rxf6 Rg8+ 59. Kf7 Rgf8+ 60. Kg7 Rg8+ 61. Kf7 Rgf8+ 62. Kg7 Rg8+ 63. Kf7 $11)) 55... Kxc5 $11 56. f6+ $1 {[%mdl 64] Discovered Attack} Kb4 $1 57. fxg7 Re6+ 58. Kh7 Rf7 59. h6 Ra7 60. Rg6 Re8 61. Rb6+ {Cut Off at move 61} Kc5 62. Rf6 {Kg6 is the strong threat.} Kb4 $2 {[%mdl 8192]} (62... Re3 $11) 63. Kg6 $18 {Threatens to win with Rf7.} Rg8 $2 {[%mdl 8192]} (63... Ka3 $14 64. Rf7 (64. Rf8 Re1 $16) 64... Ra6+ 65. Kg5 Raa8) 64. Rf3 $2 ({White must play} 64. Rf7 $18 Ra6+ 65. Rf6) 64... Ka3 $1 $14 65. Rg3 Kb4 $2 {[%mdl 8192]} (65... Rc7 $14) 66. Kh5 $18 Raa8 67. h7 {White mates.} Rxg7 68. Rxg7 Re8 69. Rb7+ Ka3 70. Kg6 {Weighted Error Value: White=0.20/Black=0.15} 1-0

[Event "FEDA International Scheveningen 2020"]
[Site "La Palma"]
[Date "2020.12.08"]
[Round "9.3"]
[White "Eljanov, Pavel"]
[Black "Vazquez Igarza, Renier"]
[Result "1-0"]
[WhiteElo "2672"]
[BlackElo "2556"]
[Annotator "TA"]
[PlyCount "53"]
[EventDate "2020.11.29"]
[EventCountry "ESP"]
[SourceTitle "playchess.com"]
[Source "ChessBase"]
[SourceQuality "1"]

{[%evp 22,53,17,15,18,16,22,5,64,74,145,165,153,152,139,135,156,154,124,122,201,127,123,113,175,187,171,118,118,118,317,317,335,331]} 1. e4 c5 2. Nf3 e6 3. d4 cxd4 4. Nxd4 Nc6 5. Nc3 Qc7 6. f4 a6 7. Nxc6 bxc6 8. Bd3 d5 9. O-O Nf6 10. Qe2 Be7 11. Bd2 Bb7 12. Rae1 O-O {B46: Sicilian: Taimanov: 5 Nc3 a6.} 13. Kh1 Nd7 14. f5 {[#]} Bh4 $146 (14... e5 $11) ({Predecessor:} 14... e5 15. Rf3 f6 16. Rh3 Rfd8 17. Bc4 Nf8 18. Bb3 Kh8 19. Rg3 Bc5 20. Qf3 Rab8 {½-½ (55) Grandelius,N (2623)-Cramling,P (2512) Sunne 2015}) 15. g3 $14 dxe4 ({Better is} 15... exf5 16. gxh4 fxe4) 16. Nxe4 $16 (16. gxh4 exd3 17. Qxd3 c5+ 18. Kg1 Qc6 $17) (16. Bxe4 $6 exf5 17. Rxf5 (17. gxh4 fxe4 18. Bf4 Qc8 $15) (17. Bxf5 Bf6 $14) 17... Bf6 $14) 16... exf5 17. Bf4 (17. gxh4 $6 fxe4 18. Bxe4 (18. Qxe4 $2 c5 $19) 18... Ne5 $14) 17... Qb6 {Threatens to win with ...c5.} 18. Nd6 {[%mdl 64] Discovered Attack} ({Stronger than} 18. gxh4 c5 $17) 18... c5+ 19. Nxb7 Qxb7+ 20. Qg2 Qxg2+ 21. Kxg2 Bf6 22. Bxf5 Nb6 (22... Ra7 $16 {was called for.}) 23. Bd6 $36 {[%mdl 2048] White is really pushing.} Rfe8 {[#]} 24. b3 (24. Be4 $1 $18) 24... c4 $16 25. Bc5 Nd5 $2 {[#]} (25... Rxe1 $16 26. Rxe1 g6) 26. Be4 $1 $18 {[%cal Re4d5]} ({Weaker is} 26. bxc4 Nc3 $16) 26... Red8 27. Rf5 {Weighted Error Value: White=0.05/Black=0.30} ({Less strong is} 27. bxc4 Rac8 $16) 1-0

[Event "FEDA International Scheveningen 2020"]
[Site "La Palma"]
[Date "2020.12.08"]
[Round "9.4"]
[White "Van Foreest, Jorden"]
[Black "Santos Ruiz, Miguel"]
[Result "1/2-1/2"]
[WhiteElo "2671"]
[BlackElo "2581"]
[Annotator "TA"]
[PlyCount "95"]
[EventDate "2020.11.29"]
[EventCountry "ESP"]
[SourceTitle "playchess.com"]
[Source "ChessBase"]
[SourceQuality "1"]

{[%evp 15,95,-27,-13,-14,0,0,0,-17,0,0,0,-26,0,-11,0,0,0,-2,30,21,24,0,0,0,41,30,39,26,39,33,36,36,27,37,36,36,31,30,22,22,38,26,27,32,41,31,35,9,10,16,30,16,15,14,33,23,39,57,63,56,65,19,159,158,157,146,142,157,150,157,174,158,164,8,8,0,7,0,8,0,8,0]} 1. Nf3 d5 2. g3 g6 3. Bg2 Bg7 4. d4 Nf6 5. O-O O-O 6. c4 c6 7. Nc3 dxc4 8. e4 {8.a4 is a critical line.} Bg4 9. h3 {D78: Fianchetto Grünfeld: 6 0-0 c6.} Bxf3 10. Bxf3 e5 11. dxe5 Nfd7 12. e6 $1 {[%cal Re6d7]} fxe6 13. Be3 Ne5 14. Be2 $1 {[#]} Nd3 $146 ({Predecessor:} 14... Qe7 15. f4 Nd3 16. Qb1 e5 17. Bxd3 cxd3 18. Qxd3 exf4 19. gxf4 Nd7 20. Rad1 Nb6 {0-1 (38) Shinkevich,V (2480)-Deviatkin,A (2580) St Petersburg 2011}) 15. Bxd3 cxd3 16. f4 Bd4 17. Qxd3 e5 18. fxe5 (18. Rad1 {is more complex.} Bxe3+ 19. Qxe3 Qb6 20. Qxb6 axb6 21. fxe5 Na6 22. Rxf8+ Rxf8 23. Kg2) 18... Bxe3+ 19. Qxe3 Qb6 (19... Nd7 {keeps more tension.} 20. e6 Ne5 21. Ne2 Re8 22. Nf4 Qb6) 20. Qxb6 axb6 21. Rxf8+ Kxf8 $14 {[%mdl 4096] Endgame KRN-KRN} 22. Rf1+ Ke7 23. e6 $1 Ra7 24. Rf7+ Kxe6 25. Rxh7 Nd7 26. Kf2 b5 27. a3 Ne5 28. Ke2 Nc4 29. Nd1 Ke5 30. Re7+ Kf6 $1 {[%cal Rf6e7]} 31. Re8 (31. Rd7 {seems wilder.} Ne5 32. Rd4 Ra8 33. Nf2 Rh8 34. a4) 31... Nd6 32. Rf8+ Ke7 33. Rf4 Nc4 34. Rh4 Kf6 35. Rh8 b4 36. axb4 Nxb2 37. Ne3 Ra4 38. Ng4+ Ke6 (38... Kg7 $11 {keeps the balance.} 39. Rc8 Rxb4) 39. Rh6 $16 Rxb4 40. Rxg6+ Kf7 41. Ne5+ Ke7 42. Ke3 c5 43. h4 c4 {[#]} 44. Kd4 $2 (44. Rg8 $1 $18) 44... Na4 $1 $11 {The position is equal.} 45. Rg7+ Kf6 46. Rg6+ Ke7 47. Rg7+ Kf6 48. Rg6+ {Weighted Error Value: White=0.12/Black=0.12} 1/2-1/2

[Event "FEDA International Scheveningen 2020"]
[Site "La Palma"]
[Date "2020.12.08"]
[Round "9.5"]
[White "Edouard, Romain"]
[Black "Salgado Lopez, Ivan"]
[Result "0-1"]
[WhiteElo "2640"]
[BlackElo "2593"]
[Annotator "TA"]
[PlyCount "114"]
[EventDate "2020.11.29"]
[EventCountry "ESP"]
[SourceTitle "playchess.com"]
[Source "ChessBase"]
[SourceQuality "1"]

{[%evp 13,114,13,18,-6,-15,-16,-14,-31,-23,-25,-32,-39,-37,-36,-38,-60,-57,-100,-67,-75,-63,-65,-41,-58,-44,-64,-50,-52,-58,-48,-45,-46,-61,-58,-53,-71,-29,-35,-13,-62,-62,-64,-13,-31,-22,-68,-63,-106,-101,-101,-101,-101,-101,-105,-102,-115,-104,-105,-111,-120,-81,-307,-307,-306,-295,-344,-325,-1578,-1547,-1918,-1918,-1865,-1677,-1178,-1168,-562,-1145,-1368,-1368,-1482,-1336,-583,-1039,-1487,-594,-1453,-1460,-1243,-1229,-29970,-29970,-12569,-7288,-29977,-29978,-29978,-29979,-29981,-29982,-29982,-6254,-29985,-29986]} 1. c4 e6 2. d4 Nf6 3. Nc3 d5 4. Nf3 Be7 5. Bf4 O-O 6. e3 Nbd7 {6...b6 is the modern continuation.} 7. c5 Nh5 8. Be5 {D37: Queen's Gambit Declined: 5 Bf4.} f6 9. Bg3 c6 10. Bd3 {The position is equal.} g6 11. b4 e5 {[#]} 12. dxe5 $146 ({Predecessor:} 12. Be2 e4 13. Nd2 Nxg3 14. hxg3 f5 15. Nb3 Nf6 16. Qd2 h5 17. a4 a6 18. f4 {½-½ (39) Topalov,V (2735)-Grischuk,A (2777) Chess.com INT 2020}) 12... fxe5 {Hoping for ...a5.} 13. e4 $1 {[%cal Re4d5]} d4 14. Ne2 Bf6 15. h3 a5 16. a3 b6 17. cxb6 axb4 (17... Nxg3 {feels hotter.} 18. Nxg3 Nxb6 19. O-O Be6 20. Qc2 Qd6) 18. axb4 Rxa1 ({Avoid the trap} 18... Nxg3 $2 19. Rxa8 Nxh1 20. b7 $1 $18 {[%mdl 512]}) 19. Qxa1 Qxb6 20. O-O Nxg3 21. Nxg3 Qxb4 22. Rc1 $1 Qd6 23. Qa4 c5 24. Nf1 Be7 25. N1d2 Nb6 26. Qb3+ Be6 27. Nc4 $1 Bxc4 ({Black should try} 27... Rb8 $15 28. Rb1 Qc7) 28. Bxc4+ $11 Kg7 29. Ne1 Rb8 30. Rb1 Nd7 $36 {[%mdl 2048] Black is really pushing.} 31. Qa2 Rxb1 32. Qxb1 Nb6 33. Qb3 Qc6 34. Nd3 Nxc4 35. Qxc4 Qxe4 36. Qe6 Bf6 ({Much weaker is} 36... Qxd3 $6 37. Qxe7+ Kh6 38. Qh4+ Kg7 39. Qe7+ Kh6 40. Qh4+ Kg7 41. Qe7+ $11) 37. Nxc5 $2 {This move loses the game for White.} (37. Qd7+ $17 Kh6 38. Qf7) 37... Qe1+ $19 38. Kh2 Qxf2 {...Qf4+ is the strong threat.} 39. Qd6 {intending Ne6+.} Qf4+ 40. Kg1 $2 {[#]} (40. g3 Qf2+ 41. Kh1) 40... Qe3+ $1 41. Kh2 {[#]} Bh4 $1 {[%cal Rh4g3]} 42. Qd7+ Kh6 {( -> ...Bg3+)} 43. Qg4 Qf4+ 44. Qxf4+ exf4 {[%mdl 4096] Endgame KB-KN} 45. Kg1 Be7 46. Nd3 Kg5 47. Kf2 Kf5 48. Kf3 g5 49. Nf2 h5 50. Ke2 g4 51. hxg4+ hxg4 52. Kd3 Bf6 53. Ne4 f3 54. gxf3 gxf3 55. Nd2 Kg4 56. Ne4 Kh3 (56... Bg7 $142 57. Kd2 Kh3 58. Ke1 Kg2 59. Kd1 f2 60. Nxf2 Kxf2 61. Kd2 Bh6+ 62. Kd1 Ke3 63. Kc1 d3 64. Kd1 d2 65. Kc2 Bf8 66. Kd1 Be7 67. Kc2 Ke2 68. Kc3 d1=Q 69. Kb2 Bd6 70. Kc3 Qb1 71. Kd4 Qd3#) 57. Kd2 Kg2 {Weighted Error Value: White=0.59/Black=0.09} 0-1

[Event "FEDA International Scheveningen 2020"]
[Site "La Palma"]
[Date "2020.12.09"]
[Round "10.1"]
[White "Anton Guijarro, David"]
[Black "Cheparinov, Ivan"]
[Result "1/2-1/2"]
[WhiteElo "2675"]
[BlackElo "2688"]
[Annotator "TA"]
[PlyCount "68"]
[EventDate "2020.11.29"]
[EventCountry "ESP"]
[SourceTitle "playchess.com"]
[Source "ChessBase"]
[SourceQuality "1"]

{[%evp 14,68,12,19,21,18,21,0,0,0,0,0,0,0,20,19,29,0,0,0,0,0,0,14,56,59,95,87,90,93,102,82,140,147,334,312,316,317,294,231,218,244,212,14,16,0,0,0,0,0,0,0,0,0,0,0,0]} 1. d4 Nf6 2. c4 g6 3. Nc3 d5 4. cxd5 Nxd5 5. Bd2 Bg7 6. e4 Nxc3 7. Bxc3 O-O 8. Qd2 c5 {[%cal Rc5d4] D85: Exchange Grünfeld: Unusual White 7th moves and lines with 7 Nf3.} 9. d5 e6 {[#]} 10. Ne2 $5 $146 {[%mdl 8] New and interesting.} ({Predecessor:} 10. Bc4 Bxc3 11. bxc3 exd5 12. Bxd5 Nd7 13. Nf3 Nb6 14. O-O Be6 15. Bxe6 Qxd2 16. Bxf7+ Rxf7 17. Nxd2 {½-½ (44) Giri,A (2764)-Carlsen,M (2863) chess24.com INT 2020}) 10... exd5 11. exd5 Nd7 {[%cal Bb8d7,Bd7f6,Bf6d5][%mdl 32]} 12. Bxg7 $40 {[%mdl 128] White is up to no good.} Kxg7 13. O-O-O Nf6 14. f3 h5 15. h3 h4 16. d6 Be6 17. g4 Bxa2 {Hoping for ...Bb3.} 18. g5 Nd5 {[#] ...Kg8 is the strong threat.} 19. b3 $1 {[%mdl 576] Decoy} Bxb3 20. Qb2+ {[%mdl 64] Double Attack} Kg8 21. Qxb3 {[%mdl 64] Double Attack} Qxg5+ 22. Rd2 c4 {[#]} (22... Nb6 $142) 23. Qb5 $1 $16 {[%cal Rb5d5]} (23. Qxb7 $2 c3 $19) 23... c3 $2 (23... Qe3 $16 {was worth a try.} 24. Qxd5 c3 25. Nxc3 Qxc3+ 26. Kb1 (26. Rc2 Qa1+ 27. Kd2 Rad8 $14) 26... Rfc8) 24. Nxc3 $1 $18 {[%mdl 64] Pin} Rac8 25. Bc4 ({Don't play} 25. Qxd5 $6 Rxc3+ 26. Kb2 Qf6 $18) 25... Qf4 26. Qxd5 {Black must now prevent Rg1!} Rxc4 {[#]} 27. Kb2 $1 {Strongly threatening d7.} Qe3 28. Qd3 $2 ({Weaker is} 28. Qxc4 Qxd2+ 29. Kb1 Qxd6 $14) (28. Na2 $18) 28... Qb6+ $11 {The position is equal.} 29. Kc2 Rfc8 30. d7 Rxc3+ 31. Qxc3 Rxc3+ 32. Kxc3 Qc6+ 33. Kb2 Qb5+ 34. Kc1 Qc6+ {Blacks defense is rewarded with a draw. Accuracy: White = 87%, Black = 80%.} 1/2-1/2